000 00303nam a2200145Ia 4500
100 _aHughes &hughes
650 _aGeneral
942 _cBK
245 _aEducation
260 _bEnglish language book society
_aLondon
_c1965
082 _a370
_bHug
300 _a296
546 _aENGLISH
999 _c30829
_d30829